| 000 | 00855nam a22002175i 4500 | ||
|---|---|---|---|
| 001 | 169374 | ||
| 003 | ES-MaACL | ||
| 005 | 20230906214056.0 | ||
| 008 | 080904s1996 gw |||| | spa d | ||
| 080 | _a37.06(72)"15/17" | ||
| 080 | _a364.22(72)"15/17" | ||
| 100 | 1 |
_aAbadie-Aicardi, Aníbal, _917952 |
|
| 245 | 1 | 0 |
_aContexto socio-cultural de la condición de pobreza y el beneficio de pobreza en la Universidad d México (1553-1700) / _cpor Aníbal Abadie-Aicardi. |
| 260 |
_aKöln : _bBöhlau, _c1996. |
||
| 300 |
_ap. [99]-128 ; _c24 cm. |
||
| 595 | _aSeparata de: Jahrbuch für Geschichte von Staat, Wirtschaft und Gesellschaft, Lateinamerikas, Bnd. 33. | ||
| 650 | 1 | 4 |
_aUniversidades- _zMéxico- _yS.XVI-XVII. _9138067 |
| 650 | 4 |
_aPobreza- _zMéxico- _yS.XVI-XVII. _9138066 |
|
| 852 |
_aES-MaACL _j2234-F-13 _9R.143883 |
||
| 999 |
_c169374 _d169374 |
||